| 000 | 00457pam a2200169 a 4500 | ||
|---|---|---|---|
| 020 | _a0471013420 (acidâ‚‹free paper) | ||
| 040 | _cDLC | ||
| 082 | 0 | 0 | _a547 wil 1996 A059 Or. |
| 100 | 1 | _aSolomons, T. W. Graham. | |
| 245 | 1 | 0 | _aOrganic chemistry / |
| 250 | _a6th ed. | ||
| 260 |
_aNew York : _bWiley, _cc1996. |
||
| 300 |
_axxvii, 1218, [72] p. : _bill. (some col.) ; _c27 cm. |
||
| 500 | _aIncludes index. | ||
| 650 | 0 | _aChemistry, Organic. | |
| 942 | _cEK | ||
| 999 |
_c14763 _d14763 |
||